1538 1700 1831 1383 1333 1161 1111 1496 1255 1452 1819 1589 1597 1469 1952 1508 1938 1926 1573 1744 1518 1260 1368 1909 1154 1419 1565 1035 1556 1938 1458 1998 1654 1163 1230 1133 1812 1378 1149 1804 1647 1277 1231 1373 1817 1295 1757 1670 1214 1638 1741 1193 1165 1733 1857 1619 1760 1715 1209 1778 1399 1301 1365 1567 1805 1023 1977 1098 1788 1457 1368 1148 1973 1118 1951 1207 1970 1506 1480 1914 1279 1831 1154 1398 1760 1587 1931 1255 1597 1084 1271 1898 1801 1576 1478 1565 1427 1013 1324 BCNSPRNW ULIB Ver.6.0+V

เปลี่ยนเป็นภาษาไทย

Change to English
 แสดงรายละเอียดบรรณานุกรม
  กลับหน้าหลัก

Brief Record : Get Marc (ISO 2709) : E-mail record : QR code < ปิดหน้าต่าง
LEADER : 00000nam 2200000uu 4500
001    13399120195
003     ULIB
008    120911s2553||||th 000 0 tha d
020    ^a9789744655455
060  4 ^aW84^bอ823ก
100    ^aอุทัยวรรณ สุกิมานิล
245    ^aการบริการปฐมภูมิ. =^bPrimary care./^cโดย อุทัยวรรณ สุกิมานิล
246    ^aPrimary care
250    ^aพิมพ์ครั้งที่ 2
260    ^aนนทบุรี:^bโครงการสวัสดิการวิชาการ สถาบันพระบรมราชชนก,^c2553.
300    ^a263 หน้า
650    ^aการบริการด้านสุขภาพ
650  0 ^aบริการปฐมภูมิ
650  0 ^aสุขภาพ
945    ^p0^l0^i19505
945    ^p0^l0^i19506
999    ^aกัณชพร
รายการนี้ยังไม่มีแท็ก
คุณยังไม่ได้ล็อกอิน คุณสามารถมีกิจกรรมร่วมกับเว็บไซต์ได้ แต่ต้องล็อกอินก่อน ::
  ล็อกอิน

รายการสื่อสารสนเทศ

ลำดับที่ ประเภท เลขเรียก/บาร์โค้ด สถานที่ สถานะ
- ไม่พบข้อมูล -

รายการใกล้เคียง
    ผู้แต่ง [อุทัยวรรณ สุกิมานิล]

    หัวเรื่อง [การบริการด้านสุขภาพ]
    หัวเรื่อง [บริการปฐมภูมิ]
    หัวเรื่อง [สุขภาพ]

BibComment


ยังไม่เคยถูกคอมเมนท์

คอมเมนท์ทรัพยากรรายการนี้
  คอมเมนท์: การบริการปฐมภูมิ..


 Copyright 2026. Bcnsprnw @Library